Statistics for Countries of Europe in 1939 (Before WWII)

Click here to take the quiz!

General Stats

  • This quiz has been taken 1,519 times
  • The average score is 30 of 34

Answer Stats

Country% Correct
Germany
97%
United Kingdom
97%
Finland
95%
Spain
95%
Sweden
95%
France
94%
Norway
94%
Poland
94%
Portugal
94%
Belgium
93%
Greece
93%
Ireland
93%
Soviet Union
93%
Yugoslavia
93%
Denmark
92%
Romania
92%
Italy
91%
Netherlands
91%
Bulgaria
90%
Hungary
90%
Luxembourg
90%
Albania
88%
Andorra
88%
Switzerland
87%
San Marino
86%
Estonia
85%
Latvia
85%
Liechtenstein
85%
Lithuania
85%
Vatican City
85%
Czechoslovakia
84%
Iceland
81%
Monaco
81%
Free City of Danzig
28%

Score Distribution

Percentile by Number Answered

Percent of People with Each Score

Your Score History

You have not taken this quiz